Dokumentární akreditív v praxi

Guardado en:
Detalles Bibliográficos
Autor principal: Andrle, Pavel
Formato: Libro
Lenguaje:checo
Publicado: Praha GRADA Publishing 2008
Edición:4. přeprac. vyd.
Colección:Finanční trhy a instituce
Materias:
Etiquetas: Agregar Etiqueta
Sin Etiquetas, Sea el primero en etiquetar este registro!

MARC

LEADER 00000nam$a2200000$$$4500
001 0073956
005 20240311131206.3
020 |a 978-80-247-2276-4 
041 0 |a cze 
044 |a CZ 
245 1 0 |a Dokumentární akreditív v praxi  |c Pavel Andrle 
250 |a 4. přeprac. vyd. 
264 1 |a Praha  |b GRADA Publishing  |c 2008 
300 |a 151 s. 
490 1 |a Finanční trhy a instituce 
830 0 |a Finanční trhy a instituce 
610 2 0 |a akreditív dokumentárny 
610 2 0 |a obchod zahraničný 
610 2 0 |a operácie obchodné 
610 2 0 |a zmluvy kúpne 
610 2 0 |a vývoz 
610 2 0 |a obchod medzinárodný 
100 1 |a Andrle, Pavel